| 000 | 00471nam a2200145 a 4500 | ||
|---|---|---|---|
| 001 | 000043741 | ||
| 005 | 20201002044939.0 | ||
| 008 | 140422s1997 ck 000 0 spa d | ||
| 040 |
_aDO-SdBNP _bspa _cBNPHU |
||
| 082 |
_axxx _bxxx |
||
| 100 | 1 |
_aMurgueitio Restrepo, Rodrigo. _971570 |
|
| 245 | 1 | 0 |
_aSociedad civil y desarrollo sostenible / _cRodrigo Murgueitio Restrepo. |
| 260 |
_a[Colombia] : _bSociedad Civil y Desarrollo Sostenible, _c1997. |
||
| 300 |
_a320 p. ; _c21 cm. |
||
| 999 |
_c43230 _d43230 |
||